Right to public services provided by the state government: A comparative study of state laws and need for a parliamentary enactment (Note) (Record no. 512753)

000 -LEADER
fixed length control field 00567nam a2200145 4500
008 - FIXED-LENGTH DATA ELEMENTS--GENERAL INFORMATION
fixed length control field 191213b ||||| |||| 00| 0 eng d
100 ## - MAIN ENTRY--PERSONAL NAME
Personal name Pandey, Hemant
245 ## - TITLE STATEMENT
Title Right to public services provided by the state government: A comparative study of state laws and need for a parliamentary enactment (Note)
260 ## - PUBLICATION, DISTRIBUTION, ETC. (IMPRINT)
Name of publisher, distributor, etc Indian Journal of Public Administration
300 ## - PHYSICAL DESCRIPTION
Extent 65(2), Jun, 2019: p.543-553.
650 ## - SUBJECT ADDED ENTRY--TOPICAL TERM
Topical term or geographic name as entry element Right to public services
9 (RLIN) 14539
773 ## - HOST ITEM ENTRY
Main entry heading Indian Journal of Public Administration
906 ## - LOCAL DATA ELEMENT F, LDF (RLIN)
Subject DIP Public utilities
942 ## - ADDED ENTRY ELEMENTS (KOHA)
Source of classification or shelving scheme
Item type Articles
Holdings
Withdrawn status Lost status Source of classification or shelving scheme Damaged status Not for loan Permanent location Current location Date acquired Serial Enumeration / chronology Barcode Date last seen Koha item type
          Indian Institute of Public Administration Indian Institute of Public Administration 2019-12-13 65(2), Jun, 2019: p.543-553. AR122083 2019-12-13 Articles

Powered by Koha